000 00560nam a22001577a 4500
008 171114b xxu||||| |||| 00| 0 eng d
020 _a9715422888
082 _22001
_aDFil 899.211
_bP53
245 _aThe Hunter, the lion, the tree, the brook and the hawk (Tagalog)/
_cDamiana Eugenio [Compiler and editor]
260 _aQuezon City:
_bUP Press,
_cc2001.
300 _apages 25-26;
_c23 cm.
500 _aPhilippine folk literature:the folktales.
650 0 _923266
_aFolklore.
650 0 _923267
_aPhilippine folk literature--Collections.
942 _2ddc
_cDFIL
999 _c7729
_d7729